Southville International School and Colleges
Your cart is empty.
  • Cart
  • Lists
    Public lists Eva Luna New books Lux_list list_1
    Your lists Log in to create your own lists
  • Log in to your account
  • Your cookies
  • Search history
Southville International School and Colleges
  • Advanced search
  • Recent comments
  • Most popular
  • Libraries

Log in to your account

Log in with GOOGLE


If you do not have an external account, but do have a local account, you can still log in:

  1. Home
  2. MARC view: Legionnaire's disease /
Normal view MARC view ISBD view

Legionnaire's disease / (Record no. 9227)

[ view plain ]
MARC details
000 -LEADER
fixed length control field 00630nam a22002177a 4500
003 - CONTROL NUMBER IDENTIFIER
control field OSt
005 - DATE AND TIME OF LATEST TRANSACTION
control field 20140310182103.0
008 - FIXED-LENGTH DATA ELEMENTS--GENERAL INFORMATION
fixed length control field 130823t xxu||||| |||| 00| 0 eng d
020 ## - INTERNATIONAL STANDARD BOOK NUMBER
International Standard Book Number 9780823934973
050 ## - LIBRARY OF CONGRESS CALL NUMBER
Classification number RA 644.L23
Item number .D47 2002
082 ## - DEWEY DECIMAL CLASSIFICATION NUMBER
Classification number HS 644
Item number D34 2002
100 ## - MAIN ENTRY--PERSONAL NAME
Personal name Susie, Derkins
9 (RLIN) 12868
245 ## - TITLE STATEMENT
Title Legionnaire's disease /
Statement of responsibility, etc Susie Derkins.
250 ## - EDITION STATEMENT
Edition statement 1st Ed.
260 ## - PUBLICATION, DISTRIBUTION, ETC. (IMPRINT)
Place of publication, distribution, etc New York, NY :
Name of publisher, distributor, etc Rosen Pub. Group,
Date of publication, distribution, etc 2002.
300 ## - PHYSICAL DESCRIPTION
Extent 64 p. :
Other physical details col. ill. ;
Dimensions 25 cm.
600 ## - SUBJECT ADDED ENTRY--PERSONAL NAME
Personal name Susie, Derkins
9 (RLIN) 12869
650 ## - SUBJECT ADDED ENTRY--TOPICAL TERM
Topical term or geographic name as entry element Legionnaire's disease
General subdivision Juvenile literature.
9 (RLIN) 12870
942 ## - ADDED ENTRY ELEMENTS (KOHA)
Source of classification or shelving scheme Library of Congress Classification
Koha item type
Holdings
Withdrawn status Lost status Source of classification or shelving scheme Damaged status Home library Current library Shelving location Date acquired Total Checkouts Full call number Barcode Date last seen Copy number Price effective from Koha item type
    Library of Congress Classification   Luxembourg Library Luxembourg Library High School Section 08/23/2013   RA 644.L23 .D47 2002 17170 08/23/2013 1 08/23/2013 Books

Legionnaire's disease /

APA

Susie D., . (2002). Legionnaire's disease. New York, NY: Rosen Pub. Group.

Chicago

Susie Derkins, . 2002. Legionnaire's disease. New York, NY: Rosen Pub. Group.

Harvard

Susie D., . (2002). Legionnaire's disease. New York, NY: Rosen Pub. Group.

MLA

Susie Derkins, . Legionnaire's disease. New York, NY: Rosen Pub. Group. 2002.

  • Place hold
  • Print
  • Cite
  • Add to your cart (remove)
  • Save record
    BIBTEX Dublin Core MARCXML MARC (non-Unicode/MARC-8) MARC (Unicode/UTF-8) MARC (Unicode/UTF-8, Standard) MODS (XML) RIS
  • More searches
    Search for this title in:
    Other Libraries (WorldCat) Other Databases (Google Scholar) Online Stores (Bookfinder.com) Open Library (openlibrary.org)

Exporting to Dublin Core...

SOUTHVILLE LIBRARY

Southville International School and Colleges Library

1281 Tropical Ave. Cor. Luxembourg St., BF Homes International, Las Pinas City

Tel. No. 8256374 / 252358 Loc. 117/146

Powered by Koha